000 01253pam a2200289 a 4500
999 _c331994
_d331994
001 2543146
003 NUST
005 20171107101430.0
008 940907s1994 paua b 001 0 eng
010 _a 94036691
020 _a0803117981
040 _aDLC
_cDLC
_dDLC
050 0 0 _aTD427.P4
_bA48 1994
082 0 0 _a628.168330218 AST
_220
110 2 _aAmerican Society for Testing and Materials.
_96033
245 1 0 _aASTM standards on hazardous substances and oil spill response /
_csponsored by ASTM Committee F-20 on Hazardous Substances and Oil Spill Response.
250 _a2nd ed.
260 _aPhiladelphia, PA :
_bASTM,
_c1994.
300 _avi, 140 p. :
_bill. ;
_c28 cm.
500 _a"ASTM publication code number (PCN): 03-620094-48."
501 _aP.B
504 _aIncludes bibliographical references and index.
650 0 _aOil spills
_xManagement
_xStandards.
_96034
650 0 _aHazardous substances
_xManagement
_xStandards.
_96035
710 2 _aASTM Committee F-20 on Hazardous Substances and Oil Spill Response.
_96036
906 _a7
_bcbc
_corignew
_d1
_eocip
_f19
_gy-gencatlg
942 _2ddc
_cBK
_kIESE